|
|
|
|
| LEADER |
00954cam a2200265 7i4500 |
| 001 |
0000084521 |
| 005 |
20241120090000.0 |
| 008 |
241120 bm |
| 020 |
|
|
|a 9789673718450 (paperback)
|
| 090 |
0 |
0 |
|a BF431
|b .S26
|
| 100 |
1 |
|
|a Sangkanparan, Hartono
|
| 245 |
1 |
0 |
|a Minda hebat dengan otak tengah
|c Hartono Sangkanparan ; editor, Dr. Hassan Noor, Arina Darmawis.
|
| 264 |
|
|
|a Kuala Lumpur:
|b Synergy Media,
|c [date of publication not identified].
|
| 300 |
|
|
|a 158 pages:
|b colour illustrations;
|c 23 cm.
|
| 336 |
|
|
|a text
|2 rdacontent
|
| 337 |
|
|
|a unmediated
|2 rdamedia
|
| 338 |
|
|
|a volume
|2 rdacarrier
|
| 490 |
0 |
|
|a Falsafah & kepimpinan
|
| 500 |
|
|
|a Gift: En. Mohd Hafezi Abdul Hamid
|
| 650 |
|
0 |
|a Child development --
|x Psychological aspects
|
| 650 |
|
0 |
|a Mesencephalon
|
| 650 |
|
0 |
|a Brain stimulation
|
| 700 |
0 |
|
|a Hassan Noor
|
| 700 |
0 |
|
|a Arina Darmawis
|
| 999 |
|
|
|a 0000071995
|b BOK
|c OPEN SHELF
|e 1st Floor, Bestari Jaya
|